| 000 | 00000cam 2200000za 4500 |
| 001 | 9.855733 |
| 003 | CaOODSP |
| 005 | 20260225081629 |
| 007 | cr ||||||||||| |
| 008 | 180425s2018 quc ob f000 0 eng d |
| 040 | |aCaOODSP|beng |
| 043 | |an-cn--- |
| 086 | 1 |aP29-4-3-24-2018E-PDF |
| 245 | 00|aAviation turbine fuel (military grades F-34, F-37 and F-44) |h[electronic resource] / |cprepared by the Canadian General Standards Board. |
| 250 | |a[April 2018 edition]. |
| 260 | |aGatineau : |bCanadian General Standards Board, |c2018. |
| 300 | |ai, 15 p. |
| 490 | 1 |aCGSB standard ; |vno. 3-24-2018 |
| 500 | |a"April 2018." |
| 500 | |a"Experience and excellence"--Cover. |
| 500 | |aSupersedes CGSB-3.24-2016. |
| 500 | |aIssued also in French under title: Carburéacteur d'aviation (grades militaires F-34, F-37 et F-44). |
| 504 | |aIncludes bibliographical references. |
| 520 | |a"This standard applies to three grades of aviation turbine fuel (military grades F-34, F-37 as its equivalent, and F-44) consisting of conventional hydrocarbons, synthetic hydrocarbons, naturally occurring non-hydrocarbons and additives as specified herein"--Scope, p. 1. |
| 692 | 07|2gccst|aFuels |
| 692 | 07|2gccst|aMilitary aircraft |
| 692 | 07|2gccst|aStandards |
| 710 | 2 |aCanadian General Standards Board. |
| 775 | 08|tCarburéacteur d'aviation (grades militaires F-34, F-37 et F-44) |w(CaOODSP)9.855735 |
| 794 | |tAviation turbine fuel (military grades F-34, F-37 and F-44) / |b[May 2019 edition]|w(CaOODSP)9.872035 |
| 795 | |tAviation turbine fuel (military grades F-34, F-37 and F-44) |b[November 2016 edition]|w(CaOODSP)9.840351 |
| 830 | #0|aCGSB standard ;|vno. 3-24-2018.|w(CaOODSP)9.840323 |
| 856 | 40|qPDF|s723 KB|uhttps://publications.gc.ca/collections/collection_2018/ongc-cgsb/P29-4-3-24-2018-eng.pdf |
| 986 | |aICS 75.160.20 |